Czasowniki z przyimkami po angielsku - Statystyki

Ogólne statystyki
  • Ten quiz został rozwiązany 19 razy
  • Średni wynik to 7 z 48
Statystyki odpowiedzi
Odpowiedź po polsku Odpowiedź po angielsku % Poprawnych
klikać na (coś) click on
62%
koncentrować się na (czymś/kimś) concentrate on
54%
oskarżać o (coś) accuse of
46%
liczyć na (kogoś) count on
38%
głosować za (czymś) vote for
38%
umrzeć na (coś) die from/die of
31%
prowadzić do (czegoś) lead to
31%
głosować przeciwko (czemuś) vote against
31%
przystosować się do (czegoś) adapt to
23%
śmiać się z (czegoś/kogoś) laugh at
23%
przygotować się na (coś) prepare for
23%
wydawać pieniądze na (coś) spend money on
23%
gapić się na (kogoś/coś) stare at
23%
martwić się o (kogoś/coś) worry about
23%
aprobować (coś) approve of
15%
dbać o, troszczyć się o (kogoś/coś) care about
15%
zdecydować się na (coś) decide on
15%
nie aprobować (czegoś) disapprove of
15%
wymieniać (coś) z (kimś) exchange with
15%
pozbywać się (czegoś) get rid of
15%
oszczędzać na (coś) save for
15%
brać udział w (czymś) take part in
15%
ubiegać się o (coś) apply for
8%
przyjeżdżać do (jakiegoś miejsca) arrive at/arrive in
8%
winić kogoś za coś blame somebody for something/blame sb for sth
8%
porównywać coś do czegoś compare something to something/compare sth to sth
8%
radzić sobie z (kimś/czymś) [D] deal with
8%
protestować przeciwko (czemuś) protest against
8%
cierpieć na (coś) suffer from
8%
głosować w (jakiejś sprawie) vote on
8%
przemawiać do (kogoś) appeal to
0%
kojarzyć z (czymś) associate with
0%
pobrać od kogoś opłatę za coś charge somebody for something/charge sb for sth
0%
rekompensować (coś), równoważyć (coś) compensate for
0%
skarżyć się na coś do kogoś complain about something to somebody/complain about sth to sb
0%
radzić sobie z (czymś) [C] cope with
0%
polegać na kimś w czymś (jakiejś sprawie) depend on sb for sth
0%
osiągnąć dobre wyniki w (jakiejś dziedzinie) do well in
0%
koncentrować się na (kimś/czymś) focus on
0%
znużyć się (czymś) get tired of
0%
przedstawić kogoś komuś introduce somebody to somebody/introduce sb to sb
0%
inwestować w (coś) invent in
0%
pożyczać coś komuś lend something to somebody/lent sth to sb
0%
powstrzymywać kogoś przez zrobieniem czegoś prevent somebody from doing something/prevent sb from doing sth
0%
karać kogoś za coś punish somebody for something/punish sb for sth
0%
prowadzić do (czegoś) result in
0%
chronić przed (czymś) save from
0%
współczuć (komuś) sympathise with
0%
Nie znaleziono quizów pasujących do podanych kryteriów
Rozkład punktacji
Procent ludzi z każdym wynikiem
Percentyl według liczby udzielonych odpowiedzi
Twoja historia wyników
Nie rozwiązałeś tego quizu